[Event "CHN-chT"]
[Site "Qingdao"]
[Date "2024.04.03"]
[Round "2.1"]
[White "Yu, Yangyi"]
[Black "Zeng, Chongsheng"]
[Result "1-0"]
[WhiteElo "2728"]
[BlackElo "2592"]
[PlyCount "63"]
[EventDate "2024.04.02"]
[EventType "team-swiss"]
[EventRounds "9"]
[EventCountry "CHN"]
[SourceTitle "CB16_2024"]
[SourceDate "2024.04.17"]
[SourceVersion "1"]
[SourceVersionDate "2024.04.17"]
[SourceQuality "1"]
[WhiteTeam "Beijing"]
[BlackTeam "Shenzhen"]
[WhiteTeamCountry "CHN"]
[BlackTeamCountry "CHN"]

1. e4 c6 2. d4 d5 3. e5 c5 4. Nf3 cxd4 5. Nxd4 Nc6 6. Nxc6 bxc6 7. Bd3 g6 8. 0-0 Bg7 9. Re1 Nh6 10. Bf4 Qb6 11. Qd2 Nf5 12. Nc3 h6 13. h3 g5 14. Bh2 0-0 15. Na4 Qd4 16. b3 Ba6 17. Rad1 Bxd3 18. c3 Qxa4 19. bxa4 Bc4 20. e6 fxe6 21. Rxe6 d4 22. Rxc6 Bd5 23. Rg6 Bf7 24. Rxg7+ Nxg7 25. Qxd4 Ne6 26. Qe3 a6 27. Be5 Rac8 28. Rd7 Rfe8 29. Ra7 Rc6 30. Qe4 Rb6 31. a5 Rb5 32. Rxa6 1-0

[Event "Baden-Baden op"]
[Site "Baden-Baden"]
[Date "2024.02.13"]
[Round "9"]
[White "Zeng, Chongsheng"]
[Black "Pijpers, Arthur"]
[Result "1-0"]
[WhiteElo "2597"]
[BlackElo "2456"]
[PlyCount "41"]
[EventDate "2024.02.09"]
[EventType "swiss"]
[EventRounds "9"]
[EventCountry "GER"]
[SourceTitle "CB08_2024"]
[SourceDate "2024.02.21"]
[SourceVersion "1"]
[SourceVersionDate "2024.02.21"]
[SourceQuality "1"]

1. e4 c5 2. Nf3 d6 3. c3 Nf6 4. h3 Nc6 5. Bd3 e5 6. 0-0 g5 7. Bc4 h6 8. d4 g4 9. hxg4 Bxg4 10. dxe5 Nxe5 11. Be2 Bxf3 12. Bxf3 h5 13. Bf4 Qe7 14. Qa4+ Nfd7 15. Bxe5 Qxe5 16. Nd2 Rg8 17. Rfd1 0-0-0 18. Qxa7 h4 19. Nc4 Qf4 20. Na5 Qxf3 21. Qxb7# 1-0

[Event "Baden-Baden op"]
[Site "Baden-Baden"]
[Date "2024.02.13"]
[Round "8"]
[White "Zeng, Chongsheng"]
[Black "Schlosser, Philipp"]
[Result "1/2-1/2"]
[WhiteElo "2597"]
[BlackElo "2509"]
[PlyCount "70"]
[EventDate "2024.02.09"]
[EventType "swiss"]
[EventRounds "9"]
[EventCountry "GER"]
[SourceTitle "CB08_2024"]
[SourceDate "2024.02.21"]
[SourceVersion "1"]
[SourceVersionDate "2024.02.21"]
[SourceQuality "1"]

1. d4 d5 2. c4 dxc4 3. e4 b5 4. a4 c6 5. axb5 cxb5 6. Nc3 Qb6 7. b3 e6 8. bxc4 Bb4 9. Bd2 bxc4 10. Nf3 Ne7 11. Bxc4 0-0 12. 0-0 a5 13. Na4 Qd6 14. Bg5 Ba6 15. Bxa6 Qxa6 16. Qb3 Nd7 17. Rfd1 h6 18. Bf4 Nf6 19. Qe3 Ng6 20. Ne5 Nxf4 21. Qxf4 Qe2 22. Nc5 Rac8 23. Ncd7 Nxd7 24. Nxd7 Rfd8 25. Ne5 f6 26. Qf3 Rc2 27. Qxe2 Rxe2 28. Nc6 Rd6 29. Nxb4 axb4 30. Rab1 b3 31. Kf1 Rxe4 32. Rxb3 Rexd4 33. Rxd4 Rxd4 34. Rb7 h5 35. g3 h4 1/2-1/2

[Event "Baden-Baden op"]
[Site "Baden-Baden"]
[Date "2024.02.12"]
[Round "7"]
[White "Gschnitzer, Adrian"]
[Black "Zeng, Chongsheng"]
[Result "0-1"]
[WhiteElo "2409"]
[BlackElo "2597"]
[PlyCount "100"]
[EventDate "2024.02.09"]
[EventType "swiss"]
[EventRounds "9"]
[EventCountry "GER"]
[SourceTitle "CB08_2024"]
[SourceDate "2024.02.21"]
[SourceVersion "1"]
[SourceVersionDate "2024.02.21"]
[SourceQuality "1"]

1. e4 c6 2. d4 d5 3. e5 c5 4. dxc5 e6 5. a3 Bxc5 6. b4 Be7 7. Nf3 a5 8. b5 Nd7 9. c4 dxc4 10. Nbd2 Nxe5 11. Nxe5 Qd4 12. Ndxc4 Qxa1 13. Bd3 Qc3+ 14. Ke2 Qd4 15. Qc2 Nf6 16. Be3 Qd8 17. Rd1 Nd5 18. Bxh7 Bd7 19. Nxf7 Kxf7 20. Ne5+ Kf8 21. Ng6+ Ke8 22. Nxh8 Bxb5+ 23. Kf3 Bc6 24. Qg6+ Kd7 25. Nf7 Qf8 26. Bf4 Bf6 27. Kg3 Qxa3+ 28. Rd3 Qa4 29. Qg4 Rf8 30. Bg6 Qc4 31. f3 a4 32. h4 Qb4 33. Be4 Rxf7 34. Bxd5 Qe1+ 35. Kh3 Qxh4+ 36. Qxh4 Bxh4 37. Be4+ Kc8 38. Kxh4 Rxf4+ 39. Kg5 Rf7 40. Bxc6 bxc6 41. Rd6 Ra7 42. Rxc6+ Kd7 43. Rc1 a3 44. Kg6 a2 45. Ra1 Kd6 46. f4 Kd5 47. g4 Ke4 48. f5 exf5 49. gxf5 Ra6+ 50. Kg5 Kd3 0-1

[Event "Wch Blitz"]
[Site "Samarkand"]
[Date "2023.12.30"]
[Round "19"]
[White "Orozbaev, Eldiar"]
[Black "Zeng, Chongsheng"]
[Result "1-0"]
[WhiteElo "2305"]
[BlackElo "2577"]
[PlyCount "41"]
[EventDate "2023.12.29"]
[EventType "swiss (blitz)"]
[EventRounds "21"]
[EventCountry "UZB"]
[SourceTitle "CB01_2024"]
[SourceDate "2024.01.03"]
[SourceVersion "1"]
[SourceVersionDate "2024.01.03"]
[SourceQuality "1"]

1. e4 c6 2. d4 d5 3. f3 dxe4 4. fxe4 e5 5. Nf3 exd4 6. Bc4 Nf6 7. 0-0 b5 8. Bb3 c5 9. e5 Nd5 10. Ng5 Be6 11. Rxf7 Bxf7 12. Nxf7 Kxf7 13. Qf3+ Ke6 14. Qg4+ Kxe5 15. Na3 Ne3 16. Qg3+ Ke4 17. Bxe3 dxe3 18. Qf3+ Ke5 19. Qxe3+ Kf6 20. Rf1+ Kg6 21. Bf7# 1-0

[Event "Wch Blitz"]
[Site "Samarkand"]
[Date "2023.12.30"]
[Round "15"]
[White "Zverev, Lev"]
[Black "Zeng, Chongsheng"]
[Result "0-1"]
[WhiteElo "2343"]
[BlackElo "2577"]
[PlyCount "41"]
[EventDate "2023.12.29"]
[EventType "swiss (blitz)"]
[EventRounds "21"]
[EventCountry "UZB"]
[SourceTitle "CB01_2024"]
[SourceDate "2024.01.03"]
[SourceVersion "1"]
[SourceVersionDate "2024.01.03"]
[SourceQuality "1"]

1. e4 c6 2. d4 d5 3. e5 c5 4. dxc5 e6 5. Nf3 Bxc5 6. Bd3 Nc6 7. 0-0 Nge7 8. a3 a5 9. b3 b6 10. Bb2 Ba6 11. Re1 h6 12. Bxa6 Rxa6 13. Nbd2 b5 14. Qe2 Qb6 15. c4 dxc4 16. bxc4 b4 17. Ne4 0-0 18. Nxc5 Qxc5 19. axb4 Nxb4 20. Nd2 Rc8 21. Rec1 0-1

[Event "Wch Blitz"]
[Site "Samarkand"]
[Date "2023.12.29"]
[Round "8"]
[White "Sapenov, Daniyal"]
[Black "Zeng, Chongsheng"]
[Result "0-1"]
[WhiteElo "2350"]
[BlackElo "2577"]
[PlyCount "134"]
[EventDate "2023.12.29"]
[EventType "swiss (blitz)"]
[EventRounds "21"]
[EventCountry "UZB"]
[SourceTitle "CB01_2024"]
[SourceDate "2024.01.03"]
[SourceVersion "1"]
[SourceVersionDate "2024.01.03"]
[SourceQuality "1"]

1. d4 Nf6 2. Nf3 g6 3. c4 Bg7 4. Nc3 d5 5. cxd5 Nxd5 6. e4 Nxc3 7. bxc3 c5 8. Bb5+ Nd7 9. 0-0 0-0 10. Rb1 Nf6 11. Bd3 b6 12. d5 Bg4 13. c4 Nd7 14. h3 Bxf3 15. Qxf3 Qc7 16. Qe2 Bd4 17. Kh1 e5 18. f4 exf4 19. Bxf4 Ne5 20. Rbd1 f6 21. Bc2 Qd7 22. Bb3 Rae8 23. Bh2 Kg7 24. a4 Nf7 25. Bc2 Be5 26. Bg1 Nd6 27. Rf3 h5 28. a5 Rb8 29. Rb3 Qc7 30. axb6 axb6 31. Rdb1 Rb7 32. Rf3 Ra7 33. Rfb3 Rb8 34. Bd3 Ra4 35. Qc2 Ra6 36. Qc1 Rba8 37. Qe1 Nc8 38. Bf1 Qe7 39. Rf3 Ra2 40. Rf2 R2a3 41. Qe2 R8a6 42. Qc2 Nd6 43. Rf3 Ra2 44. Qd3 Nf7 45. Rf2 R2a3 46. Qc2 Ng5 47. Re2 Bd6 48. Rb3 Ra1 49. Rb1 R1a4 50. e5 Bxe5 51. Rxb6 Rxb6 52. Qxa4 Rb1 53. h4 Nf7 54. Rf2 Bd4 55. Re2 Qd6 56. Bxd4 Rxf1+ 57. Bg1 Qf4 58. g3 Qxg3 59. Rg2 Qxh4+ 60. Rh2 Qe4+ 61. Rg2 Re1 62. Qd7 Re2 63. Qh3 Ng5 64. Qh2 Rd2 65. Bxc5 Rd1+ 66. Bg1 Kh6 67. Qg3 Rd3 0-1

[Event "Wch Blitz"]
[Site "Samarkand"]
[Date "2023.12.29"]
[Round "1"]
[White "Yu, Yangyi"]
[Black "Zeng, Chongsheng"]
[Result "1/2-1/2"]
[WhiteElo "2714"]
[BlackElo "2577"]
[PlyCount "153"]
[EventDate "2023.12.29"]
[EventType "swiss (blitz)"]
[EventRounds "21"]
[EventCountry "UZB"]
[SourceTitle "CB01_2024"]
[SourceDate "2024.01.03"]
[SourceVersion "1"]
[SourceVersionDate "2024.01.03"]
[SourceQuality "1"]

1. e4 c5 2. Nf3 d6 3. d4 cxd4 4. Nxd4 Nf6 5. Nc3 a6 6. Be2 e5 7. Nb3 Be7 8. 0-0 0-0 9. Re1 Be6 10. Bf3 Nbd7 11. a4 Rc8 12. Be3 h6 13. h3 Re8 14. a5 Qc7 15. Qd2 Nh7 16. Red1 Nhf6 17. Qe1 Nh7 18. Bg4 Qc6 19. Rd2 Nhf6 20. Bf3 Qc7 21. Qd1 Qc6 22. Nd5 Bxd5 23. exd5 Qc7 24. Rc1 Rcd8 25. c4 Nc5 26. Nxc5 dxc5 27. b4 e4 28. Bg4 Bd6 29. Rb1 Rb8 30. bxc5 Bxc5 31. d6 Qc6 32. d7 Red8 33. Rb6 Bxb6 34. Bxb6 Qxc4 35. Bxd8 Rxd8 36. Rc2 Qb4 37. Rc8 Qxa5 38. Qd6 Nxd7 39. Qxd7 Rxc8 40. Qxc8+ Kh7 41. Qxb7 Qa1+ 42. Kh2 Qe5+ 43. g3 f5 44. Be2 a5 45. Qb3 f4 46. gxf4 Qxf4+ 47. Kg2 Qg5+ 48. Kf1 Qc1+ 49. Bd1 Qf4 50. Bc2 Qc1+ 51. Ke2 Qf4 52. Qe3 Qxe3+ 53. Kxe3 Kg6 54. Kf4 Kh5 55. Kg3 Kg5 56. Bxe4 a4 57. Bb1 a3 58. h4+ Kf6 59. Kg4 Ke5 60. f4+ Kf6 61. Ba2 g6 62. Bb3 Kg7 63. Ba2 Kf6 64. Bc4 Kg7 65. Bb3 Kf6 66. Ba2 Kg7 67. Bb1 Kf6 68. Ba2 Kg7 69. Kf3 Kf6 70. Ke4 g5 71. h5 gxf4 72. Kxf4 Kg7 73. Kf5 Kh8 74. Kf6 Kh7 75. Bb1+ Kh8 76. Kg6 a2 77. Bxa2 1/2-1/2

[Event "Wch Blitz"]
[Site "Samarkand"]
[Date "2023.12.29"]
[Round "9"]
[White "Zeng, Chongsheng"]
[Black "Leiva Rodriguez, Jeammarco Giuseppe"]
[Result "1-0"]
[WhiteElo "2577"]
[BlackElo "2398"]
[PlyCount "119"]
[EventDate "2023.12.29"]
[EventType "swiss (blitz)"]
[EventRounds "21"]
[EventCountry "UZB"]
[SourceTitle "CB01_2024"]
[SourceDate "2024.01.03"]
[SourceVersion "1"]
[SourceVersionDate "2024.01.03"]
[SourceQuality "1"]

1. e4 c6 2. Nf3 d5 3. Nc3 dxe4 4. Nxe4 Nf6 5. Bd3 Bg4 6. h3 Bh5 7. Qe2 e6 8. b3 Nxe4 9. Bxe4 Qf6 10. Rb1 Nd7 11. Bb2 Qf4 12. g3 Qc7 13. 0-0 Nf6 14. Bd3 Bd6 15. Kg2 Qe7 16. Qe3 0-0 17. Rbe1 Bg6 18. Bxg6 hxg6 19. c4 a5 20. a4 Ba3 21. Be5 Nd7 22. Ba1 Bb4 23. Re2 b5 24. Ne5 Rfc8 25. h4 Nf6 26. Rh1 bxa4 27. bxa4 Bd6 28. Qf3 Qc7 29. g4 Rab8 30. h5 gxh5 31. g5 Ng4 32. Nxg4 hxg4 33. Qe4 Kf8 34. Qh7 Ke7 35. Bxg7 Rf8 36. Bf6+ Kd7 37. d4 c5 38. d5 Qb7 39. Rd1 Kc7 40. Qe4 Rfe8 41. Rb2 Qa8 42. Qh7 Rf8 43. Rbd2 Rbe8 44. Kg1 e5 45. Qf5 Qc8 46. Qe4 g3 47. fxg3 Qh3 48. Qh4 Qf5 49. Rf1 Qg6 50. Rb2 Rb8 51. Rbf2 Rb3 52. Qg4 e4 53. Rg2 Re8 54. Qd1 Rxg3 55. Qe1 Rh3 56. Qxa5+ Kc8 57. Qa8+ Kc7 58. Qc6+ Kb8 59. Rb2+ Ka7 60. Qb7# 1-0

[Event "Wch Rapid"]
[Site "Samarkand"]
[Date "2023.12.27"]
[Round "9"]
[White "Zeng, Chongsheng"]
[Black "Kuzubov, Yuriy"]
[Result "1/2-1/2"]
[WhiteElo "2577"]
[BlackElo "2613"]
[PlyCount "342"]
[EventDate "2023.12.26"]
[EventType "swiss (rapid)"]
[EventRounds "13"]
[EventCountry "UZB"]
[SourceTitle "CB01_2024"]
[SourceDate "2024.01.03"]
[SourceVersion "1"]
[SourceVersionDate "2024.01.03"]
[SourceQuality "1"]

1. d4 Nf6 2. c4 e6 3. g3 d5 4. Nf3 Bb4+ 5. Bd2 Be7 6. Bg2 0-0 7. 0-0 c6 8. Qc2 Nbd7 9. Bf4 b6 10. Rd1 Bb7 11. Ne5 Nh5 12. Bd2 Nhf6 13. cxd5 cxd5 14. Nc6 Bxc6 15. Qxc6 a6 16. Qc2 b5 17. Qd3 Nb6 18. e3 Nc4 19. Bc1 Bd6 20. Nc3 Qe7 21. b3 Nb6 22. a4 b4 23. Ne2 Qb7 24. Bd2 Nbd7 25. Rac1 Rfc8 26. Be1 a5 27. f3 g6 28. Bf2 Rxc1 29. Rxc1 Rc8 30. Qd1 Kf8 31. g4 Ke8 32. h4 Rxc1 33. Nxc1 Qc7 34. Nd3 Bg3 35. Bxg3 Qxg3 36. Qc2 Ke7 37. Qc6 Nxg4 38. fxg4 Qxe3+ 39. Nf2 Qxd4 40. Qc7 Qc5 41. Qb7 Kd6 42. Bf1 Qb6 43. Qc8 Qc7 44. Qh8 Qc3 45. Qd8 Qg3+ 46. Bg2 Qxb3 47. Qxa5 Qc4 48. Bf1 Qc5 49. Qa6+ Qb6 50. Qd3 b3 51. Qg3+ Ke7 52. Bb5 Nc5 53. Bd3 Nxa4 54. Qe5 Nc5 55. Qd4 Nd7 56. Qb2 e5 57. Kf1 Kd6 58. Ke2 Nc5 59. Qa3 b2 60. Bb1 e4 61. Qc3 Ne6 62. g5 Qd4 63. Qg3+ Ke7 64. Qa3+ Ke8 65. Qa8+ Ke7 66. Qa3+ Kd7 67. Qe3 Qxe3+ 68. Kxe3 Ng7 69. Kf4 Ke6 70. Ng4 Nf5 71. Nf6 Nxh4 72. Ba2 Kd6 73. Nxh7 Ng2+ 74. Kg3 Ne3 75. Nf6 Ke5 76. Nd7+ Kf5 77. Nb6 Kxg5 78. Na4 Nc4 79. Nc3 Nd2 80. Bxd5 b1Q 81. Nxb1 Nxb1 82. Bxf7 Nc3 83. Be8 Kf5 84. Bd7+ Ke5 85. Be8 g5 86. Bf7 Kf5 87. Bc4 e3 88. Bd3+ Ke5 89. Kg4 Ne4 90. Ba6 Kd4 91. Be2 Kc3 92. Bf3 Kd3 93. Kf5 Nd2 94. Bg4 Ne4 95. Bf3 Kd4 96. Bg4 Nf2 97. Be2 g4 98. Kf4 Nd3+ 99. Kxg4 Kc3 100. Kf5 Kd2 101. Bh5 Nb4 102. Ke4 Nc2 103. Bg4 Na1 104. Bh5 Nb3 105. Bg4 Nc5+ 106. Kd4 Nd7 107. Bf3 Nf8 108. Bh5 Nh7 109. Bg4 Ng5 110. Bh5 Nh3 111. Bg4 Ng1 112. Ke4 Ne2 113. Bf3 Ng3+ 114. Kf4 Nf1 115. Ke4 Ke1 116. Kd3 Kf2 117. Bd1 Nd2 118. Be2 Nf3 119. Bd1 Ng1 120. Ke4 Ne2 121. Kd3 Ng3 122. Kd4 Nf5+ 123. Kd3 Ne7 124. Ke4 Nc6 125. Bh5 Nb4 126. Bd1 Nc2 127. Kd3 Ne1+ 128. Ke4 Ng2 129. Kd3 Nf4+ 130. Ke4 Ne2 131. Kd3 Nc1+ 132. Kc2 Na2 133. Kd3 Nb4+ 134. Ke4 Nc2 135. Kd3 Ne1+ 136. Ke4 Ng2 137. Kd3 Ke1 138. Bf3 Kf2 139. Bd1 Nh4 140. Ke4 Ng6 141. Kd3 Ne5+ 142. Ke4 Nc4 143. Kd4 Nb6 144. Kd3 Na4 145. Kd4 Nb6 146. Kd3 Nd5 147. Kd4 Nb4 148. Ke4 Nc2 149. Kd3 Ne1+ 150. Ke4 Ng2 151. Kd3 Nf4+ 152. Ke4 Ne6 153. Kd3 Nc7 154. Ke4 Nb5 155. Kd3 Nd6 156. Kd4 Nf5+ 157. Ke4 Ng3+ 158. Kd3 Nf1 159. Be2 Nh2 160. Bd1 Nf3 161. Ke4 Ne1 162. Kd4 Nc2+ 163. Kd3 Nb4+ 164. Ke4 Na6 165. Kd4 Nc7 166. Ke4 Ne6 167. Kd3 Nc5+ 168. Kd4 Na4 169. Bh5 Nb2 170. Bg4 Na4 171. Bh5 e2 1/2-1/2

[Event "CHN-chT Div A Finals"]
[Site "Nanjing"]
[Date "2023.12.11"]
[Round "9.3"]
[White "Chu, Wei Chao"]
[Black "Zeng, Chongsheng"]
[Result "1/2-1/2"]
[WhiteElo "2415"]
[BlackElo "2577"]
[PlyCount "145"]
[EventDate "2023.12.02"]
[EventType "team-tourn"]
[EventRounds "10"]
[EventCountry "CHN"]
[SourceTitle "CB50_2023"]
[SourceDate "2023.12.13"]
[SourceVersion "1"]
[SourceVersionDate "2023.12.13"]
[SourceQuality "1"]
[WhiteTeam "Tianjin"]
[BlackTeam "Chongqing Sports Lottery"]
[WhiteTeamCountry "CHN"]
[BlackTeamCountry "CHN"]

1. d4 Nf6 2. c4 g6 3. Nc3 Bg7 4. e4 d6 5. Nf3 Bg4 6. Be2 Nfd7 7. Ng1 Bxe2 8. Ngxe2 Nc6 9. Be3 a6 10. 0-0 0-0 11. Rc1 Qb8 12. a3 e6 13. h3 Re8 14. Qd3 b6 15. b4 Qb7 16. f4 Ne7 17. Rfd1 Rad8 18. Qc2 b5 19. c5 Nf6 20. Ng3 h5 21. Nf1 dxc5 22. bxc5 a5 23. a4 b4 24. Nb5 Qxe4 25. Nxc7 Rf8 26. Nb5 Qxc2 27. Rxc2 Nc6 28. Nh2 Nd5 29. Kf2 Bh6 30. g3 e5 31. Nf3 exf4 32. Bxf4 Bxf4 33. gxf4 Nxf4 34. Nd6 Nd5 35. Ne5 Nxe5 36. dxe5 Nc3 37. Rd3 Rd7 38. Rdxc3 bxc3 39. Rxc3 f6 40. e6 Re7 41. c6 Rxe6 42. Nb5 Rc8 43. c7 Re7 44. Rc6 Kh7 45. Rxf6 Rcxc7 46. Nxc7 Rxc7 47. Ra6 Rc5 48. Kg3 Kh6 49. Ra7 Kg5 50. Ra6 h4+ 51. Kf3 Kf5 52. Ra8 Ke5 53. Ra6 g5 54. Kg4 Kd4 55. Rb6 Kc3 56. Rb8 Rc4+ 57. Kxg5 Rb4 58. Rb5 Rxa4 59. Rf5 Kd3 60. Kh5 Ke4 61. Kg5 Ra3 62. Rf4+ Ke5 63. Rf5+ Ke6 64. Rf6+ Ke7 65. Rf5 Ra4 66. Rb5 Kd6 67. Rf5 Ra1 68. Kxh4 a4 69. Ra5 Kc6 70. Kg5 Kb6 71. Ra8 a3 72. h4 a2 73. Kh6 1/2-1/2

[Event "CHN-chT Div A KO"]
[Site "Liaocheng"]
[Date "2023.02.09"]
[Round "4.2"]
[White "Zeng, Chongsheng"]
[Black "Xu, Yi"]
[Result "1-0"]
[WhiteElo "2580"]
[BlackElo "2510"]
[PlyCount "119"]
[EventDate "2023.02.06"]
[EventType "team-k.o."]
[EventRounds "6"]
[EventCountry "CHN"]
[SourceTitle "CBM 212 Extra"]
[Source "ChessBase"]
[SourceDate "2023.03.31"]
[SourceVersion "1"]
[SourceVersionDate "2023.03.31"]
[SourceQuality "1"]
[WhiteTeam "Chongqing Ticai"]
[BlackTeam "Shanghai"]
[WhiteTeamCountry "CHN"]
[BlackTeamCountry "CHN"]

1. c4 Nf6 2. Nc3 e6 3. e4 d5 4. e5 d4 5. exf6 dxc3 6. bxc3 Qxf6 7. Nf3 b6 8. d4 h6 9. Bd3 Bb7 10. Ne5 Bd6 11. Qa4+ Ke7 12. Ng4 Qh4 13. Ne3 Nd7 14. Qc2 Nf6 15. Qe2 Kf8 16. Bb2 g6 17. 0-0-0 Kg7 18. Rhe1 Rhe8 19. g3 Qxh2 20. c5 bxc5 21. d5 Qh5 22. Qd2 Bxd5 23. Be2 Bf3 24. Rh1 Qxh1 25. Rxh1 Bxh1 26. c4 h5 27. Qc3 e5 28. f3 h4 29. Qe1 hxg3 30. Qxh1 Rh8 31. Qg1 Rh2 32. Nf5+ gxf5 33. Qxg3+ Ng4 34. fxg4 Rxe2 35. gxf5+ Kf8 36. Qf3 Re1+ 37. Kd2 Rb8 38. Kxe1 Rxb2 39. f6 Rb8 40. Qg4 Ke8 41. Kd2 Bf8 42. a4 a5 43. Kc2 Kd8 44. Qh5 Kc8 45. Qf5+ Kb7 46. Qd7 Bd6 47. Qb5+ Ka7 48. Qxa5+ Kb7 49. Qb5+ Ka7 50. Qd7 Rb4 51. Kc3 e4 52. Qe8 e3 53. a5 Rb1 54. Qxe3 Rf1 55. Qg5 Rf3+ 56. Kc2 Rf4 57. Kb3 c6 58. Qg7 Rf3+ 59. Ka4 Ka6 60. Qg8 1-0

[Event "CHN-chT Div A KO"]
[Site "Liaocheng"]
[Date "2023.02.08"]
[Round "3.2"]
[White "Lou, Yiping"]
[Black "Zeng, Chongsheng"]
[Result "0-1"]
[WhiteElo "2501"]
[BlackElo "2580"]
[PlyCount "86"]
[EventDate "2023.02.06"]
[EventType "team-k.o."]
[EventRounds "6"]
[EventCountry "CHN"]
[SourceTitle "CBM 212 Extra"]
[Source "ChessBase"]
[SourceDate "2023.03.31"]
[SourceVersion "1"]
[SourceVersionDate "2023.03.31"]
[SourceQuality "1"]
[WhiteTeam "Shanghai"]
[BlackTeam "Chongqing Ticai"]
[WhiteTeamCountry "CHN"]
[BlackTeamCountry "CHN"]

1. e4 c5 2. Nf3 d6 3. d4 cxd4 4. Nxd4 Nf6 5. Nc3 a6 6. Be3 e5 7. Nb3 Be6 8. f3 h5 9. Be2 Nbd7 10. f4 g6 11. h3 Rc8 12. 0-0 Be7 13. Qe1 b5 14. a3 Qc7 15. Nd2 exf4 16. Bxf4 Qb6+ 17. Kh1 Ne5 18. Nf3 Nxf3 19. Bxf3 Nd7 20. e5 dxe5 21. Bxe5 0-0 22. Nd5 Bxd5 23. Bxd5 Bf6 24. Bf4 Bxb2 25. Rd1 Rce8 26. Qb4 Be5 27. Bh6 Nf6 28. Bxf8 Rxf8 29. Qe7 Bd4 30. Bb3 Kg7 31. Rf4 Qc5 32. Qb7 Be5 33. Rf3 a5 34. Rdf1 a4 35. Ba2 h4 36. Qa6 Nh5 37. Bxf7 Bd6 38. Qb7 Kh6 39. Re1 Ng3+ 40. Kh2 Ne2+ 41. Kh1 Qe5 42. g3 Nxg3+ 43. Rxg3 Qxg3 0-1

[Event "CHN-chT Div A KO"]
[Site "Liaocheng"]
[Date "2023.02.07"]
[Round "2.3"]
[White "Zeng, Chongsheng"]
[Black "Li, Chao B"]
[Result "1/2-1/2"]
[WhiteElo "2580"]
[BlackElo "2672"]
[PlyCount "122"]
[EventDate "2023.02.06"]
[EventType "team-k.o."]
[EventRounds "6"]
[EventCountry "CHN"]
[SourceTitle "CBM 212 Extra"]
[Source "ChessBase"]
[SourceDate "2023.03.31"]
[SourceVersion "1"]
[SourceVersionDate "2023.03.31"]
[SourceQuality "1"]
[WhiteTeam "Chongqing Ticai"]
[BlackTeam "Beijing"]
[WhiteTeamCountry "CHN"]
[BlackTeamCountry "CHN"]

1. e4 c5 2. Nf3 d6 3. d4 cxd4 4. Nxd4 Nf6 5. Nc3 Bd7 6. Bg5 e6 7. Qd2 h6 8. Bxf6 Qxf6 9. Ndb5 Bxb5 10. Nxb5 Qxb2 11. Rd1 Na6 12. Nxd6+ Bxd6 13. Qxd6 Qb4+ 14. Qxb4 Nxb4 15. Bb5+ Kf8 16. Rd7 a6 17. Bc4 b5 18. Bb3 a5 19. Rb7 g5 20. Rxb5 Ke7 21. Rb7+ Kf6 22. f4 gxf4 23. 0-0 Nc6 24. Rxf4+ Ke5 25. Rfxf7 Nd4 26. a4 Rac8 27. Rb6 Rhg8 28. g3 h5 29. Ra6 Rc5 30. Rfa7 Nc6 31. Rh7 Rg5 32. h4 Rxg3+ 33. Kh2 Rgc3 34. Rxh5+ Kxe4 35. Rxc5 Rxc5 36. Bxe6 Rxc2+ 37. Kg3 Rc3+ 38. Kg4 Ne5+ 39. Kh5 Rc5 40. Kh6 Kf4 41. Rd6 Ng4+ 42. Kg6 Ne5+ 43. Kh6 Ng4+ 44. Kg7 Ke5 45. Rb6 Kf4 46. Bf7 Ne5 47. Be6 Ng4 48. Rb5 Rc7+ 49. Kf8 Ne5 50. Kg8 Re7 51. Bb3 Kf5 52. h5 Kf6 53. Rb6+ Kg5 54. h6 Re8+ 55. Kg7 Re7+ 56. Kf8 Rh7 57. Rb5 Kf6 58. Rb6+ Kg5 59. Ra6 Rxh6 60. Rxa5 Kf4 61. Bd5 Ke3 1/2-1/2

[Event "CHN-ch"]
[Site "Xinghua"]
[Date "2022.11.09"]
[Round "10"]
[White "Zeng, Chongsheng"]
[Black "Zhao, Jun"]
[Result "1-0"]
[WhiteElo "2604"]
[BlackElo "2600"]
[PlyCount "113"]
[EventDate "2022.11.02"]
[EventType "tourn"]
[EventRounds "11"]
[EventCountry "CHN"]
[EventCategory "12"]
[SourceTitle "CBM 211 Extra"]
[Source "ChessBase"]
[SourceDate "2023.01.31"]
[SourceVersion "1"]
[SourceVersionDate "2023.01.31"]
[SourceQuality "1"]

1. e4 e6 2. d4 d5 3. e5 c5 4. c3 Nc6 5. Nf3 Qb6 6. a3 c4 7. Nbd2 Na5 8. Be2 Bd7 9. 0-0 Ne7 10. Rb1 Qc7 11. Re1 Nc8 12. Nf1 Nb6 13. Bf4 0-0-0 14. h4 h6 15. Bh2 Be7 16. Kh1 Ba4 17. Qd2 Qc6 18. h5 Qe8 19. Ng1 Qg8 20. Bg4 Qh7 21. Ne3 Qd3 22. Qe2 Qxe2 23. Rxe2 Bd7 24. f4 g6 25. Nf3 Nc6 26. Rf1 Na8 27. Bg3 Nc7 28. Bh4 Bxh4 29. Nxh4 Ne7 30. g3 Rdf8 31. Rh2 Ne8 32. Kg2 Ng7 33. Nf3 Ngf5 34. Kf2 Rfg8 35. Bxf5 gxf5 36. Rg1 Ba4 37. Nh4 Kd8 38. Rhg2 Ke8 39. g4 Bd7 40. Rb1 b6 41. b3 cxb3 42. Rxb3 fxg4 43. Nxg4 Kd8 44. Rb1 Nc6 45. Nf6 Rxg2+ 46. Nxg2 Ke7 47. Ne3 Na5 48. Rg1 Nc4 49. Nxc4 dxc4 50. Ke3 Ba4 51. f5 exf5 52. Kf4 Bc2 53. d5 a5 54. Rg8 Rxg8 55. Nxg8+ Kf8 56. d6 Ba4 57. Nxh6 1-0